| 000 | 00610nam a2200217 a 4500 | ||
|---|---|---|---|
| 005 | 20241113063710.0 | ||
| 008 | 040309s1996 mx r 000 0 spa d | ||
| 020 | _a950724574X | ||
| 035 | _aUPN01000132572 | ||
| 049 | _aCG | ||
| 050 | 4 |
_aHQ1150 _bP4.3 |
|
| 100 | 1 | _aPérez Aguirre, Luis | |
| 245 | 1 | 3 |
_aLa condición femenina / _cLuis Pérez Aguirre. |
| 260 |
_aBuenos Aires : _bLumen, _cc1996. |
||
| 300 | _a136 p. | ||
| 440 | 0 | _aTemas actuales | |
| 650 | 2 |
_aMujeres _xHistoria y condición de la mujer _91583 |
|
| 650 | 4 |
_aSexismo en educación _914887 |
|
| 650 | 4 |
_aFeminismo _98967 |
|
| 905 | _aLibro | ||
| 999 |
_c104726 _d104726 |
||